• 首页
  • 本馆介绍
  • 公告通知
  • 最新文献
  • 馆藏检索
  • 电子资源
  • 读者荐购
  • 参考咨询
  • CALIS
  • 我的图书馆
  • 登录
  • 详细信息显示
  • 放入我的书架
  • 预约/预借图书
  • 作者相关作品
  • 分类相关作品
  • 丛书相关作品
  • 出版社相关作品

书目信息

  • 表格格式
  • 工作单格式
  • 卡片格式
题名:
星 思维
    
 
作者: 侯江林 主编 ;黄亦秋 翻译 ;星艺装饰文化传媒中心 编著
分册:   第十二届“星艺杯”设计大赛获奖作品集
出版信息: 广州   暨南大学出版社  2024.10
页数: 207页
开本: 29cm
丛书名:
单 册:
中图分类: TU206
科图分类:
主题词: 建筑设计--jian zhu she ji--作品集--中国--现代
电子资源:
ISBN: 978-7-5668-3990-9
 
 
 
 
 
000 01230nam 2200277 450
001 93872
005 20250819172518.58
010    @a978-7-5668-3990-9@b精装@dCNY268.00
100    @a20241128d2024 em y0chiy50 ea
101 0  @achi@aeng
102    @aCN@b440000
105    @aa z 000yy
106    @ar
200 1  @a星 思维@Axing si wei@d= Stellar thoughts@i第十二届“星艺杯”设计大赛获奖作品集@f主编侯江林@g星艺装饰文化传媒中心编著@g翻译黄亦秋@zeng
210    @a广州@c暨南大学出版社@d2024.10
215    @a207页@c彩图@d29cm
330    @a本书按设计作品类型分为“住宅·工程实景作品”“住宅·方案设计作品”“大宅·工程实景作品”“大宅·方案设计作品”“公共·工程实景作品”“公共·方案设计作品”6部分, 展示了获金奖、银奖、铜奖、优秀奖作品。
510 1  @aStellar thoughts@zeng
517 1  @a第十二届“星艺杯”设计大赛获奖作品集@Adi shi er jie “ xing yi bei ” she ji da sai huo jiang zuo pin ji
606 0  @a建筑设计@Ajian zhu she ji@x作品集@y中国@z现代
690    @aTU206@v5
701  0 @a侯江林@Ahou jiang lin@4主编
702  0 @a黄亦秋@Ahuang yi qiu@4翻译
712 02 @a星艺装饰文化传媒中心@Axing yi zhuang shi wen hua chuan mei zhong xin@4编著
801  0 @aCN@c20250909
905    @a河南城建学院图书馆@dTU206@eH423-2@f1
    
    星 思维= Stellar thoughts.第十二届“星艺杯”设计大赛获奖作品集/主编侯江林/星艺装饰文化传媒中心编著/翻译黄亦秋.-广州:暨南大学出版社,2024.10
    207页:彩图;29cm
    
    
    ISBN 978-7-5668-3990-9(精装):CNY268.00
    本书按设计作品类型分为“住宅·工程实景作品”“住宅·方案设计作品”“大宅·工程实景作品”“大宅·方案设计作品”“公共·工程实景作品”“公共·方案设计作品”6部分, 展示了获金奖、银奖、铜奖、优秀奖作品。
●
相关链接 在E读中查询图书 在当当中查询图书 在豆瓣中查询图书


正题名:星 思维     索取号:TU206/H423-2         预约/预借

序号 登录号 条形码 馆藏地/架位号 状态 备注
1 1627800   216278007   建筑库101/101建筑库 41排2列3层/ [索取号:TU206/H423-2] 在馆    
河南城建学院图书馆 欢迎您!
大连网信软件有限公司© 版权所有